| 000 | 01054nam a22003137a 4500 | ||
|---|---|---|---|
| 003 | CHAP | ||
| 005 | 20220329143440.0 | ||
| 008 | 090929s2008 mx r 00010 spa d | ||
| 010 | _a96796 | ||
| 011 | _a97768 | ||
| 020 | _a9789706403681 | ||
| 035 | _a108439 | ||
| 040 | _cCHAP | ||
| 082 | 0 | 4 |
_a530.44 _bG16 |
| 100 | 0 | 0 |
_aGarcía-Colín Scherer, Leopoldo. _946822 |
| 245 | 1 | 3 |
_aLa teoría cinética de un plasma diluido ionizado _c/por Leopoldo García-Colín Scherer y Leonardo Dagdug Lima |
| 260 |
_aMéxico, D.F. : _bEl Colegio Nacional, _c2008 |
||
| 300 |
_a180 p. : _bgráfs. |
||
| 590 |
_aBATCH-UPD _b10 _c20130110 _lUCH01 _h1509 |
||
| 590 |
_aBATCH-UPD _b10 _c20130410 _lUCH01 _h0927 |
||
| 590 |
_aBATCH-UPD _b10 _c20130914 _lUCH01 _h1136 |
||
| 590 |
_aCONVERSION _b10 _c20130109 _lUCH01 _h1353 |
||
| 650 | 1 | 4 |
_aGases _xTeoría cinética de los. _947219 |
| 650 | 1 | 4 |
_aTermodinámica. _9112366 |
| 700 | 1 |
_aDagdug Lima, Leonardo _930882 |
|
| 901 | _aBK | ||
| 942 | _cLIBRO | ||
| 949 |
_a530.44 G16 _bBC _cLIBRO _d33724002106496 _eLIBRO _h111531 _i108439 _sb |
||
| 999 |
_c96796 _d96796 |
||